Exploring integrated science (Record no. 1210374)

MARC details
000 -LEADER
fixed length control field 01097nam a2200325Ia 4500
003 - CONTROL NUMBER IDENTIFIER
control field OSt
005 - DATE AND TIME OF LATEST TRANSACTION
control field 20221007122443.0
008 - FIXED-LENGTH DATA ELEMENTS--GENERAL INFORMATION
fixed length control field 221006b |||||||| |||| 00| 0 eng d
020 ## - INTERNATIONAL STANDARD BOOK NUMBER
International Standard Book Number 9781420087932 (hbd)
037 ## - SOURCE OF ACQUISITION
Terms of availability Textbook
040 ## - CATALOGING SOURCE
Original cataloging agency PAPL
Transcribing agency PAPL
Language of cataloging eng
041 ## - LANGUAGE CODE
Source of code eng
Language code of text/sound track or separate title eng
100 ## - MAIN ENTRY--PERSONAL NAME
Personal name Baaquie Belal E
9 (RLIN) 471174
245 #0 - TITLE STATEMENT
Title Exploring integrated science
Remainder of title Willeboordse Frederick H
260 ## - PUBLICATION, DISTRIBUTION, ETC.
Place of publication, distribution, etc. Boca
Name of publisher, distributor, etc. Raton CRC Press
Date of publication, distribution, etc. 2010
300 ## - PHYSICAL DESCRIPTION
Extent xxi, 572p.
Dimensions cm.
500 ## - GENERAL NOTE
General note Index 567-572p.
650 ## - SUBJECT ADDED ENTRY--TOPICAL TERM
Topical term or geographic name entry element Cosmic physics
9 (RLIN) 714387
650 ## - SUBJECT ADDED ENTRY--TOPICAL TERM
Topical term or geographic name entry element Interdisciplinary approach to knowledge
9 (RLIN) 714388
650 ## - SUBJECT ADDED ENTRY--TOPICAL TERM
Topical term or geographic name entry element Mathematical physics
9 (RLIN) 463933
650 ## - SUBJECT ADDED ENTRY--TOPICAL TERM
Topical term or geographic name entry element Nanoscience
9 (RLIN) 642646
650 ## - SUBJECT ADDED ENTRY--TOPICAL TERM
Topical term or geographic name entry element Physics
700 ## - ADDED ENTRY--PERSONAL NAME
Personal name Willeboordse Frederick H
9 (RLIN) 714389
942 ## - ADDED ENTRY ELEMENTS (KOHA)
Classification part C21:(D), Q0 Carpa
Koha item type Textbook
Source of classification or shelving scheme Colon Classification (CC)
Holdings
Withdrawn status Lost status Source of classification or shelving scheme Damaged status Not for loan Home library Current library Date acquired Source of acquisition Total Checkouts Full call number Barcode Date last seen Price effective from Koha item type
    Colon Classification (CC)     Department of Physics and Astrophysics Library Department of Physics and Astrophysics Library 2022-10-07 917, 10/02/2010, Ashutosh Technical Books   C21:(D) Q0 Carpa PA0006478 2022-10-07 2022-10-07 Textbook
Copyright @ Delhi University Library System